江苏省地图点选 Jiangsu Click Map - Statistics

General Stats
  • This quiz has been taken 43 times
    38 since last reset
  • The average score is 12 of 13
Answers on the Map
Answers color-coded by a green-red scale on the quiz's map according to % correct below.
 
Answer Stats
Answer % Correct
南京市
100%
无锡市
97%
徐州市
97%
常州市
97%
南通市
97%
苏州市
93%
连云港市
93%
淮安市
93%
盐城市
93%
扬州市
93%
镇江市
90%
泰州市
90%
宿迁市
90%
No matching quizzes found
Score Distribution
Percent of People with Each Score
Percentile by Number Answered
Your Score History
You have not taken this quiz since the last reset